[Event "Deutsche Ländermeisterschaft 2024"]
[Site "Tübingen GER"]
[Date "2024.10.06"]
[Round "7"]
[White "Ratushna, Olha"]
[Black "Wolf, Helena"]
[Result "1/2-1/2"]
[Termination "normal"]
[Board "1.8"]
[WhiteElo "1690"]
[BlackElo "1545"]
[WhiteClock "01:13:46"]
[BlackClock "01:14:06"]
[WhiteTeam "Bayern"]
[BlackTeam "Hessen"]
[PlyCount "46"]
[WhiteFideId "34172602"]
[BlackFideId "34671030"]
[EventCountry "GER"]
[EventRounds "7"]
[EventType "team-swiss"]
[EventDate "2024.10.02"]

1. e4 {[%clk 01:30:59]} e5 {[%clk 01:30:57]} {[%emt 00:00:04]} 2. Nf3 {[%clk
01:31:23]} {[%emt 00:00:05]} Nc6 {[%clk 01:31:22]} {[%emt 00:00:05]} 3. Nc3
{[%clk 01:31:50]} {[%emt 00:00:04]} Nf6 {[%clk 01:31:48]} {[%emt 00:00:04]} 4.
d4 {[%clk 01:32:12]} {[%emt 00:00:08]} exd4 {[%clk 01:32:14]} {[%emt 00:00:04]}
5. Nxd4 {[%clk 01:32:36]} {[%emt 00:00:05]} Bb4 {[%clk 01:32:38]} {[%emt
00:00:06]} 6. Nxc6 {[%clk 01:32:58]} {[%emt 00:00:09]} bxc6 {[%clk 01:33:03]}
{[%emt 00:00:05]} 7. Bd3 {[%clk 01:33:21]} {[%emt 00:00:07]} d5 {[%clk
01:33:28]} {[%emt 00:00:04]} 8. exd5 {[%clk 01:33:44]} {[%emt 00:00:07]} Qe7+
{[%clk 01:33:53]} {[%emt 00:00:05]} 9. Be2 {[%clk 01:33:29]} {[%emt 00:00:45]}
Nxd5 {[%clk 01:33:21]} {[%emt 00:01:02]} 10. Bd2 {[%clk 01:33:21]} {[%emt
00:00:38]} Ba6 {[%clk 01:26:47]} {[%emt 00:07:03]} 11. Nxd5 {[%clk 01:29:38]}
{[%emt 00:04:15]} cxd5 {[%clk 01:27:06]} {[%emt 00:00:10]} 12. Bxb4 {[%clk
01:29:08]} {[%emt 00:01:01]} Qxb4+ {[%clk 01:27:25]} {[%emt 00:00:11]} 13. c3
{[%clk 01:29:28]} {[%emt 00:00:10]} Bxe2 {[%clk 01:27:09]} {[%emt 00:00:46]}
14. Qxe2+ {[%clk 01:29:48]} {[%emt 00:00:09]} Qe7 {[%clk 01:27:32]} {[%emt
00:00:06]} 15. Qxe7+ {[%clk 01:29:52]} {[%emt 00:00:26]} Kxe7 {[%clk 01:27:58]}
{[%emt 00:00:05]} 16. O-O-O {[%clk 01:29:58]} {[%emt 00:00:24]} c6 {[%clk
01:28:17]} {[%emt 00:00:12]} 17. Rhe1+ {[%clk 01:30:05]} {[%emt 00:00:22]} Kd6
{[%clk 01:27:46]} {[%emt 00:01:01]} 18. c4 {[%clk 01:29:05]} {[%emt 00:01:31]}
Rhe8 {[%clk 01:27:23]} {[%emt 00:00:52]} 19. cxd5 {[%clk 01:27:14]} {[%emt
00:02:21]} cxd5 {[%clk 01:27:20]} {[%emt 00:00:34]} 20. Kd2 {[%clk 01:26:38]}
{[%emt 00:01:06]} Rac8 {[%clk 01:26:08]} {[%emt 00:01:41]} 21. Re3 {[%clk
01:23:13]} {[%emt 00:03:54]} Rxe3 {[%clk 01:20:14]} {[%emt 00:06:54]} 22. fxe3
{[%clk 01:23:59]} {[%emt 00:00:15]} Rc4 {[%clk 01:17:28]} {[%emt 00:03:13]} 23.
Rf1 {[%clk 01:13:46]} {[%emt 00:10:47]} Ke6 {[%clk 01:14:06]} {[%emt 00:03:51]}
1/2-1/2

[Event "Deutsche Ländermeisterschaft 2024"]
[Site "Tübingen GER"]
[Date "2024.10.06"]
[Round "7"]
[White "Ermitsch, Magnus"]
[Black "Besou, Hussain"]
[Result "1-0"]
[Termination "normal"]
[Board "2.1"]
[WhiteTitle "FM"]
[BlackTitle "FM"]
[WhiteElo "2396"]
[BlackElo "2350"]
[WhiteClock "00:09:17"]
[BlackClock "00:27:24"]
[WhiteTeam "Schleswig-Holstein"]
[BlackTeam "Nordrhein-Westfalen"]
[PlyCount "63"]
[WhiteFideId "16234464"]
[BlackFideId "16269950"]
[EventCountry "GER"]
[EventRounds "7"]
[EventType "team-swiss"]
[EventDate "2024.10.02"]

1. e4 {[%clk 01:30:58]} {[%emt 00:00:01]} c6 {[%clk 01:30:50]} {[%emt
00:00:10]} 2. Nf3 {[%clk 01:30:56]} {[%emt 00:00:32]} d5 {[%clk 01:31:14]}
{[%emt 00:00:06]} 3. Nc3 {[%clk 01:31:22]} {[%emt 00:00:05]} Bg4 {[%clk
01:31:33]} {[%emt 00:00:10]} 4. h3 {[%clk 01:31:48]} {[%emt 00:00:05]} Bxf3
{[%clk 01:31:58]} {[%emt 00:00:05]} 5. Qxf3 {[%clk 01:32:14]} {[%emt 00:00:03]}
e6 {[%clk 01:32:21]} {[%emt 00:00:07]} 6. Be2 {[%clk 01:32:17]} {[%emt
00:00:28]} Bc5 {[%clk 01:32:09]} {[%emt 00:00:41]} 7. O-O {[%clk 01:32:28]}
{[%emt 00:00:20]} Ne7 {[%clk 01:31:58]} {[%emt 00:00:38]} 8. d3 {[%clk
01:27:51]} {[%emt 00:05:10]} Nd7 {[%clk 01:30:47]} {[%emt 00:01:39]} 9. Kh1
{[%clk 01:25:48]} {[%emt 00:02:34]} O-O {[%clk 01:28:51]} {[%emt 00:02:26]} 10.
g3 {[%clk 01:24:40]} {[%emt 00:01:39]} a5 {[%clk 01:26:19]} {[%emt 00:03:01]}
11. a4 {[%clk 01:15:14]} {[%emt 00:09:56]} Qb6 {[%clk 01:18:53]} {[%emt
00:07:56]} 12. Qg2 {[%clk 01:13:35]} {[%emt 00:02:09]} f5 {[%clk 01:10:37]}
{[%emt 00:08:46]} 13. f4 {[%clk 01:10:38]} {[%emt 00:03:27]} Be3 {[%clk
01:06:05]} {[%emt 00:05:02]} 14. Bxe3 {[%clk 01:09:25]} {[%emt 00:01:43]} Qxe3
{[%clk 01:06:26]} {[%emt 00:00:09]} 15. Bf3 {[%clk 00:58:21]} {[%emt 00:11:33]}
Qb6 {[%clk 01:00:39]} {[%emt 00:06:18]} 16. b3 {[%clk 00:57:36]} {[%emt
00:01:15]} Qc5 {[%clk 00:57:10]} {[%emt 00:03:59]} 17. Qd2 {[%clk 00:55:30]}
{[%emt 00:02:35]} dxe4 {[%clk 00:49:19]} {[%emt 00:08:22]} 18. dxe4 {[%clk
00:55:19]} {[%emt 00:00:41]} Rad8 {[%clk 00:49:37]} {[%emt 00:00:11]} 19. Rad1
{[%clk 00:51:37]} {[%emt 00:04:13]} Nf6 {[%clk 00:47:57]} {[%emt 00:02:10]} 20.
Qxd8 {[%clk 00:34:45]} {[%emt 00:17:23]} Rxd8 {[%clk 00:48:22]} {[%emt
00:00:04]} 21. Rxd8+ {[%clk 00:35:10]} {[%emt 00:00:06]} Kf7 {[%clk 00:48:45]}
{[%emt 00:00:05]} 22. Rd3 {[%clk 00:35:12]} {[%emt 00:00:29]} b5 {[%clk
00:42:08]} {[%emt 00:07:07]} 23. axb5 {[%clk 00:25:19]} {[%emt 00:10:23]} cxb5
{[%clk 00:42:15]} {[%emt 00:00:23]} 24. e5 {[%clk 00:24:25]} {[%emt 00:01:24]}
Nfd5 {[%clk 00:42:08]} {[%emt 00:00:36]} 25. Nxd5 {[%clk 00:18:17]} {[%emt
00:06:40]} Nxd5 {[%clk 00:42:12]} {[%emt 00:00:25]} 26. Bxd5 {[%clk 00:16:34]}
{[%emt 00:02:13]} Qxc2 {[%clk 00:38:32]} {[%emt 00:04:10]} 27. Bxe6+ {[%clk
00:14:03]} {[%emt 00:03:01]} Kxe6 {[%clk 00:38:56]} {[%emt 00:00:06]} 28. Rfd1
{[%clk 00:14:21]} {[%emt 00:00:11]} Qe2 {[%clk 00:28:08]} {[%emt 00:11:19]} 29.
R1d2 {[%clk 00:12:51]} {[%emt 00:02:00]} Qe1+ {[%clk 00:27:14]} {[%emt
00:01:24]} 30. Kh2 {[%clk 00:12:50]} {[%emt 00:00:30]} Ke7 {[%clk 00:27:23]}
{[%emt 00:00:22]} 31. Rd7+ {[%clk 00:09:49]} {[%emt 00:03:30]} Ke8 {[%clk
00:27:24]} {[%emt 00:00:30]} 32. R7d5 {[%clk 00:09:17]} {[%emt 00:01:02]} *

[Event "Deutsche Ländermeisterschaft 2024"]
[Site "Tübingen GER"]
[Date "2024.10.06"]
[Round "7"]
[White "Gallasch, Jonas"]
[Black "Farokhi, Keyvan"]
[Result "1/2-1/2"]
[Termination "normal"]
[Board "2.2"]
[WhiteTitle "FM"]
[BlackTitle "FM"]
[WhiteElo "2298"]
[BlackElo "2320"]
[WhiteClock "00:48:49"]
[BlackClock "01:02:27"]
[WhiteTeam "Nordrhein-Westfalen"]
[BlackTeam "Schleswig-Holstein"]
[PlyCount "40"]
[WhiteFideId "16222474"]
[BlackFideId "12998630"]
[EventCountry "GER"]
[EventRounds "7"]
[EventType "team-swiss"]
[EventDate "2024.10.02"]

1. d4 {[%clk 01:30:50]} {[%emt 00:00:09]} Nf6 {[%clk 01:30:53]} {[%emt
00:00:08]} 2. c4 {[%clk 01:31:01]} {[%emt 00:00:19]} e6 {[%clk 01:31:14]}
{[%emt 00:00:08]} 3. Nf3 {[%clk 01:31:27]} {[%emt 00:00:05]} d5 {[%clk
01:31:38]} {[%emt 00:00:06]} 4. e3 {[%clk 01:31:53]} {[%emt 00:00:04]} c5
{[%clk 01:31:59]} {[%emt 00:00:09]} 5. cxd5 {[%clk 01:32:12]} {[%emt 00:00:11]}
exd5 {[%clk 01:32:20]} {[%emt 00:00:10]} 6. Bb5+ {[%clk 01:32:36]} {[%emt
00:00:05]} Bd7 {[%clk 01:32:44]} {[%emt 00:00:06]} 7. Bxd7+ {[%clk 01:32:56]}
{[%emt 00:00:10]} Qxd7 {[%clk 01:33:09]} {[%emt 00:00:05]} 8. O-O {[%clk
01:33:07]} {[%emt 00:00:18]} Nc6 {[%clk 01:32:01]} {[%emt 00:01:39]} 9. dxc5
{[%clk 01:18:04]} {[%emt 00:15:33]} Bxc5 {[%clk 01:31:40]} {[%emt 00:00:50]}
10. b3 {[%clk 01:18:32]} {[%emt 00:00:03]} d4 {[%clk 01:08:45]} {[%emt
00:23:25]} 11. exd4 {[%clk 01:15:52]} {[%emt 00:03:10]} Nxd4 {[%clk 01:08:59]}
{[%emt 00:00:17]} 12. Re1+ {[%clk 01:08:40]} {[%emt 00:07:41]} Ne6 {[%clk
01:09:06]} {[%emt 00:00:22]} 13. Qxd7+ {[%clk 01:08:47]} {[%emt 00:00:23]} Nxd7
{[%clk 01:09:19]} {[%emt 00:00:17]} 14. Bb2 {[%clk 01:08:27]} {[%emt 00:00:51]}
O-O {[%clk 01:08:14]} {[%emt 00:01:34]} 15. Rd1 {[%clk 00:55:02]} {[%emt
00:13:57]} Rfd8 {[%clk 01:05:19]} {[%emt 00:03:24]} 16. Nbd2 {[%clk 00:55:07]}
{[%emt 00:00:25]} Nb6 {[%clk 01:02:34]} {[%emt 00:03:15]} 17. Ne4 {[%clk
00:47:46]} {[%emt 00:07:51]} Be7 {[%clk 01:02:11]} {[%emt 00:00:53]} 18. Nd4
{[%clk 00:47:54]} {[%emt 00:00:22]} Nxd4 {[%clk 01:02:16]} {[%emt 00:00:24]}
19. Rxd4 {[%clk 00:48:22]} {[%emt 00:00:03]} Rxd4 {[%clk 01:02:34]} {[%emt
00:00:12]} 20. Bxd4 {[%clk 00:48:49]} {[%emt 00:00:03]} Rd8 {[%clk 01:02:27]}
{[%emt 00:00:35]} 1/2-1/2

[Event "Deutsche Ländermeisterschaft 2024"]
[Site "Tübingen GER"]
[Date "2024.10.06"]
[Round "7"]
[White "Bornholdt, Joa Max"]
[Black "Klaska, Philipp Leon"]
[Result "0-1"]
[Termination "normal"]
[Board "2.3"]
[WhiteTitle "FM"]
[WhiteElo "2268"]
[BlackElo "2281"]
[WhiteClock "00:14:49"]
[BlackClock "00:14:55"]
[WhiteTeam "Schleswig-Holstein"]
[BlackTeam "Nordrhein-Westfalen"]
[PlyCount "47"]
[WhiteFideId "16253477"]
[BlackFideId "16238044"]
[EventCountry "GER"]
[EventRounds "7"]
[EventType "team-swiss"]
[EventDate "2024.10.02"]

1. Nf3 {[%clk 01:29:59]} {[%emt 00:01:01]} Nf6 {[%clk 01:29:51]} {[%emt
00:01:10]} 2. c4 {[%clk 01:29:49]} {[%emt 00:00:40]} b6 {[%clk 01:28:25]}
{[%emt 00:01:56]} 3. g3 {[%clk 01:29:56]} {[%emt 00:00:23]} c5 {[%clk
01:26:55]} {[%emt 00:01:59]} 4. Bg2 {[%clk 01:28:45]} {[%emt 00:01:42]} Bb7
{[%clk 01:27:11]} {[%emt 00:00:14]} 5. O-O {[%clk 01:28:22]} {[%emt 00:00:53]}
e6 {[%clk 01:24:24]} {[%emt 00:03:16]} 6. Nc3 {[%clk 01:27:54]} {[%emt
00:00:58]} Be7 {[%clk 01:18:37]} {[%emt 00:06:17]} 7. d4 {[%clk 01:26:45]}
{[%emt 00:01:38]} cxd4 {[%clk 01:17:21]} {[%emt 00:01:46]} 8. Qxd4 {[%clk
01:26:24]} {[%emt 00:00:50]} O-O {[%clk 01:11:30]} {[%emt 00:06:21]} 9. Rd1
{[%clk 01:25:06]} {[%emt 00:01:50]} d6 {[%clk 01:03:26]} {[%emt 00:08:33]} 10.
b3 {[%clk 01:19:16]} {[%emt 00:06:20]} Nbd7 {[%clk 01:01:02]} {[%emt 00:02:55]}
11. Bb2 {[%clk 01:13:56]} {[%emt 00:05:49]} a6 {[%clk 00:58:00]} {[%emt
00:03:32]} 12. e4 {[%clk 00:56:59]} {[%emt 00:17:27]} Qc7 {[%clk 00:54:31]}
{[%emt 00:03:59]} 13. h3 {[%clk 00:53:26]} {[%emt 00:04:03]} Rfd8 {[%clk
00:49:35]} {[%emt 00:05:27]} 14. Qe3 {[%clk 00:50:26]} {[%emt 00:03:29]} Rac8
{[%clk 00:44:16]} {[%emt 00:05:49]} 15. Nd4 {[%clk 00:44:56]} {[%emt 00:06:01]}
Qb8 {[%clk 00:38:21]} {[%emt 00:06:25]} 16. g4 {[%clk 00:41:48]} {[%emt
00:03:37]} h6 {[%clk 00:31:25]} {[%emt 00:07:26]} 17. Nde2 {[%clk 00:32:32]}
{[%emt 00:09:46]} g5 {[%clk 00:25:44]} {[%emt 00:06:12]} 18. Kh1 {[%clk
00:28:58]} {[%emt 00:04:03]} Kh7 {[%clk 00:25:10]} {[%emt 00:01:04]} 19. f4
{[%clk 00:25:15]} {[%emt 00:04:13]} gxf4 {[%clk 00:22:51]} {[%emt 00:02:48]}
20. Qxf4 {[%clk 00:25:30]} {[%emt 00:00:16]} Rg8 {[%clk 00:23:00]} {[%emt
00:00:21]} 21. Ng3 {[%clk 00:24:18]} {[%emt 00:01:43]} Ne5 {[%clk 00:19:17]}
{[%emt 00:04:12]} 22. Nce2 {[%clk 00:21:08]} {[%emt 00:03:40]} Rg5 {[%clk
00:17:34]} {[%emt 00:02:13]} 23. Ng1 {[%clk 00:17:38]} {[%emt 00:04:00]} Rcg8
{[%clk 00:14:55]} {[%emt 00:03:09]} 24. Nf3 {[%clk 00:14:49]} {[%emt 00:03:19]}
*

[Event "Deutsche Ländermeisterschaft 2024"]
[Site "Tübingen GER"]
[Date "2024.10.06"]
[Round "7"]
[White "Möller, Maurin"]
[Black "Malinowsky, Levi"]
[Result "1/2-1/2"]
[Termination "normal"]
[Board "2.4"]
[BlackTitle "CM"]
[WhiteElo "2138"]
[BlackElo "2117"]
[WhiteClock "00:15:44"]
[BlackClock "00:18:19"]
[WhiteTeam "Nordrhein-Westfalen"]
[BlackTeam "Schleswig-Holstein"]
[PlyCount "56"]
[WhiteFideId "16265696"]
[BlackFideId "16253094"]
[EventCountry "GER"]
[EventRounds "7"]
[EventType "team-swiss"]
[EventDate "2024.10.02"]

1. e4 {[%clk 01:30:50]} {[%emt 00:00:09]} c5 {[%clk 01:30:55]} {[%emt
00:00:06]} 2. c3 {[%clk 01:31:10]} {[%emt 00:00:10]} d5 {[%clk 01:31:08]}
{[%emt 00:00:16]} 3. exd5 {[%clk 01:31:32]} {[%emt 00:00:09]} Qxd5 {[%clk
01:31:30]} {[%emt 00:00:08]} 4. d4 {[%clk 01:31:44]} {[%emt 00:00:17]} Nc6
{[%clk 01:31:46]} {[%emt 00:00:13]} 5. Nf3 {[%clk 01:31:57]} {[%emt 00:00:18]}
Bf5 {[%clk 01:31:58]} {[%emt 00:00:18]} 6. Be2 {[%clk 01:32:00]} {[%emt
00:00:27]} cxd4 {[%clk 01:31:10]} {[%emt 00:01:19]} 7. cxd4 {[%clk 01:32:04]}
{[%emt 00:00:26]} Bxb1 {[%clk 01:29:09]} {[%emt 00:02:30]} 8. Rxb1 {[%clk
01:32:23]} {[%emt 00:00:11]} Nf6 {[%clk 01:28:43]} {[%emt 00:00:56]} 9. O-O
{[%clk 01:16:23]} {[%emt 00:16:30]} e6 {[%clk 01:25:57]} {[%emt 00:03:16]} 10.
Be3 {[%clk 01:04:14]} {[%emt 00:12:39]} Bd6 {[%clk 01:19:20]} {[%emt 00:07:08]}
11. Qa4 {[%clk 00:55:13]} {[%emt 00:09:31]} O-O {[%clk 01:10:40]} {[%emt
00:09:09]} 12. Rfd1 {[%clk 00:49:07]} {[%emt 00:06:36]} Qh5 {[%clk 01:02:35]}
{[%emt 00:08:35]} 13. h3 {[%clk 00:46:39]} {[%emt 00:02:58]} Nd5 {[%clk
01:01:50]} {[%emt 00:01:15]} 14. Qb5 {[%clk 00:46:32]} {[%emt 00:00:38]} Nce7
{[%clk 00:45:32]} {[%emt 00:16:47]} 15. Qxb7 {[%clk 00:35:42]} {[%emt
00:11:21]} Nxe3 {[%clk 00:41:10]} {[%emt 00:04:50]} 16. fxe3 {[%clk 00:36:00]}
{[%emt 00:00:13]} Qh6 {[%clk 00:37:03]} {[%emt 00:04:37]} 17. Qb3 {[%clk
00:33:16]} {[%emt 00:03:15]} Rab8 {[%clk 00:35:00]} {[%emt 00:02:33]} 18. Qd3
{[%clk 00:32:32]} {[%emt 00:01:14]} Nd5 {[%clk 00:34:47]} {[%emt 00:00:43]} 19.
e4 {[%clk 00:27:26]} {[%emt 00:05:36]} Nf4 {[%clk 00:34:41]} {[%emt 00:00:35]}
20. Qc2 {[%clk 00:27:34]} {[%emt 00:00:22]} Qg6 {[%clk 00:32:31]} {[%emt
00:02:40]} 21. Bc4 {[%clk 00:27:00]} {[%emt 00:01:04]} Nxh3+ {[%clk 00:31:04]}
{[%emt 00:01:58]} 22. Kf1 {[%clk 00:27:23]} {[%emt 00:00:06]} Nf4 {[%clk
00:30:38]} {[%emt 00:00:56]} 23. Rbc1 {[%clk 00:26:16]} {[%emt 00:01:38]} Rbc8
{[%clk 00:26:47]} {[%emt 00:04:21]} 24. e5 {[%clk 00:20:27]} {[%emt 00:06:18]}
Qh6 {[%clk 00:24:02]} {[%emt 00:03:15]} 25. Kf2 {[%clk 00:16:50]} {[%emt
00:04:07]} Be7 {[%clk 00:19:16]} {[%emt 00:05:17]} 26. Rh1 {[%clk 00:16:07]}
{[%emt 00:01:13]} Qg6 {[%clk 00:19:26]} {[%emt 00:00:18]} 27. Qxg6 {[%clk
00:16:26]} {[%emt 00:00:13]} hxg6 {[%clk 00:18:35]} {[%emt 00:01:21]} 28. g3
{[%clk 00:15:44]} {[%emt 00:01:12]} Nd5 {[%clk 00:18:19]} {[%emt 00:00:45]} *

[Event "Deutsche Ländermeisterschaft 2024"]
[Site "Tübingen GER"]
[Date "2024.10.06"]
[Round "7"]
[White "Bräutigam, Katerina"]
[Black "Kovalskyy, Alicia"]
[Result "0-1"]
[Termination "normal"]
[Board "2.5"]
[WhiteTitle "WFM"]
[WhiteElo "2137"]
[BlackElo "1906"]
[WhiteClock "00:06:02"]
[BlackClock "00:25:24"]
[WhiteTeam "Schleswig-Holstein"]
[BlackTeam "Nordrhein-Westfalen"]
[PlyCount "43"]
[WhiteFideId "16242980"]
[BlackFideId "34612130"]
[EventCountry "GER"]
[EventRounds "7"]
[EventType "team-swiss"]
[EventDate "2024.10.02"]

1. d4 {[%clk 01:30:58]} {[%emt 00:00:01]} d5 {[%clk 01:30:55]} {[%emt
00:00:06]} 2. Bf4 {[%clk 01:31:22]} {[%emt 00:00:05]} Nf6 {[%clk 01:31:18]}
{[%emt 00:00:07]} 3. e3 {[%clk 01:31:46]} {[%emt 00:00:07]} c5 {[%clk
01:31:44]} {[%emt 00:00:04]} 4. c3 {[%clk 01:32:09]} {[%emt 00:00:07]} e6
{[%clk 01:32:07]} {[%emt 00:00:07]} 5. Nf3 {[%clk 01:27:56]} {[%emt 00:04:42]}
Bd6 {[%clk 01:32:03]} {[%emt 00:00:34]} 6. dxc5 {[%clk 01:24:53]} {[%emt
00:03:34]} Bxc5 {[%clk 01:25:07]} {[%emt 00:07:26]} 7. Nbd2 {[%clk 01:22:28]}
{[%emt 00:02:54]} Nc6 {[%clk 01:21:58]} {[%emt 00:03:40]} 8. Bd3 {[%clk
01:19:20]} {[%emt 00:03:37]} O-O {[%clk 01:13:06]} {[%emt 00:09:23]} 9. O-O
{[%clk 01:11:25]} {[%emt 00:08:24]} Re8 {[%clk 01:09:30]} {[%emt 00:04:07]} 10.
e4 {[%clk 01:01:19]} {[%emt 00:10:35]} e5 {[%clk 00:59:49]} {[%emt 00:10:12]}
11. Bg5 {[%clk 00:51:33]} {[%emt 00:10:15]} Be7 {[%clk 00:54:54]} {[%emt
00:05:26]} 12. Bxf6 {[%clk 00:42:04]} {[%emt 00:09:58]} Bxf6 {[%clk 00:54:39]}
{[%emt 00:00:44]} 13. exd5 {[%clk 00:38:48]} {[%emt 00:03:46]} Qxd5 {[%clk
00:51:07]} {[%emt 00:04:02]} 14. Ne4 {[%clk 00:36:00]} {[%emt 00:03:18]} Qd8
{[%clk 00:48:30]} {[%emt 00:03:07]} 15. Qc2 {[%clk 00:27:52]} {[%emt 00:08:38]}
g6 {[%clk 00:44:58]} {[%emt 00:04:03]} 16. Rad1 {[%clk 00:24:23]} {[%emt
00:03:59]} Bg7 {[%clk 00:42:58]} {[%emt 00:02:30]} 17. Bc4 {[%clk 00:22:19]}
{[%emt 00:02:33]} Qe7 {[%clk 00:41:40]} {[%emt 00:01:48]} 18. Nd6 {[%clk
00:12:32]} {[%emt 00:10:17]} Rf8 {[%clk 00:41:24]} {[%emt 00:00:47]} 19. b4
{[%clk 00:11:36]} {[%emt 00:01:26]} Bg4 {[%clk 00:30:08]} {[%emt 00:11:46]} 20.
Qe4 {[%clk 00:09:12]} {[%emt 00:02:53]} Bxf3 {[%clk 00:26:29]} {[%emt
00:04:09]} 21. Qxf3 {[%clk 00:09:24]} {[%emt 00:00:18]} Rad8 {[%clk 00:25:24]}
{[%emt 00:01:36]} 22. Qd5 {[%clk 00:06:02]} {[%emt 00:03:51]} *

[Event "Deutsche Ländermeisterschaft 2024"]
[Site "Tübingen GER"]
[Date "2024.10.06"]
[Round "7"]
[White "Fischermann, Simon"]
[Black "Sickmann, Lisa"]
[Result "0-1"]
[Termination "normal"]
[Board "2.6"]
[BlackTitle "WFM"]
[WhiteElo "1873"]
[BlackElo "1965"]
[WhiteClock "00:30:21"]
[BlackClock "00:30:50"]
[WhiteTeam "Nordrhein-Westfalen"]
[BlackTeam "Schleswig-Holstein"]
[PlyCount "62"]
[WhiteFideId "34620869"]
[BlackFideId "16267818"]
[EventCountry "GER"]
[EventRounds "7"]
[EventType "team-swiss"]
[EventDate "2024.10.02"]

1. e4 {[%clk 01:30:58]} c5 {[%clk 01:30:57]} {[%emt 00:00:03]} 2. Nc3 {[%clk
01:31:20]} {[%emt 00:00:08]} e6 {[%clk 01:31:07]} {[%emt 00:00:21]} 3. f4
{[%clk 01:31:39]} {[%emt 00:00:11]} d5 {[%clk 01:30:55]} {[%emt 00:00:42]} 4.
Nf3 {[%clk 01:32:04]} {[%emt 00:00:05]} Nc6 {[%clk 01:30:56]} {[%emt 00:00:29]}
5. d3 {[%clk 01:32:18]} {[%emt 00:00:15]} Nf6 {[%clk 01:29:05]} {[%emt
00:02:22]} 6. Be2 {[%clk 01:31:53]} {[%emt 00:00:56]} Be7 {[%clk 01:27:09]}
{[%emt 00:02:25]} 7. O-O {[%clk 01:32:06]} {[%emt 00:00:16]} O-O {[%clk
01:24:56]} {[%emt 00:02:44]} 8. Kh1 {[%clk 01:27:35]} {[%emt 00:05:01]} a6
{[%clk 01:17:15]} {[%emt 00:08:11]} 9. a4 {[%clk 01:27:58]} {[%emt 00:00:07]}
Rb8 {[%clk 01:16:47]} {[%emt 00:00:55]} 10. e5 {[%clk 01:21:03]} {[%emt
00:07:28]} Nd7 {[%clk 01:15:48]} {[%emt 00:01:28]} 11. d4 {[%clk 01:21:17]}
{[%emt 00:00:17]} cxd4 {[%clk 01:13:59]} {[%emt 00:02:19]} 12. Nxd4 {[%clk
01:21:40]} {[%emt 00:00:07]} Nxd4 {[%clk 01:14:06]} {[%emt 00:00:22]} 13. Qxd4
{[%clk 01:22:10]} Bc5 {[%clk 01:14:03]} {[%emt 00:00:34]} 14. Qd3 {[%clk
01:22:09]} {[%emt 00:00:30]} b6 {[%clk 01:10:51]} {[%emt 00:03:43]} 15. Rf3
{[%clk 01:17:41]} {[%emt 00:04:58]} Bb7 {[%clk 01:06:02]} {[%emt 00:05:18]} 16.
Rh3 {[%clk 01:14:02]} {[%emt 00:04:10]} f5 {[%clk 01:06:19]} {[%emt 00:00:12]}
17. Qg3 {[%clk 01:03:18]} {[%emt 00:11:15]} Qe7 {[%clk 00:54:08]} {[%emt
00:12:41]} 18. Nd1 {[%clk 00:58:27]} {[%emt 00:05:18]} Rfc8 {[%clk 00:53:03]}
{[%emt 00:01:37]} 19. c3 {[%clk 00:55:43]} {[%emt 00:03:15]} a5 {[%clk
00:47:21]} {[%emt 00:06:12]} 20. Be3 {[%clk 00:53:44]} {[%emt 00:02:28]} Bxe3
{[%clk 00:45:11]} {[%emt 00:02:41]} 21. Nxe3 {[%clk 00:51:34]} {[%emt
00:02:40]} Nc5 {[%clk 00:43:15]} {[%emt 00:02:26]} 22. Bb5 {[%clk 00:50:37]}
{[%emt 00:01:27]} Bc6 {[%clk 00:38:36]} {[%emt 00:05:08]} 23. c4 {[%clk
00:39:41]} {[%emt 00:11:27]} Bxb5 {[%clk 00:38:05]} {[%emt 00:01:01]} 24. cxb5
{[%clk 00:39:06]} {[%emt 00:01:04]} Nxa4 {[%clk 00:38:10]} {[%emt 00:00:26]}
25. Qf3 {[%clk 00:34:59]} {[%emt 00:04:36]} Nxb2 {[%clk 00:37:01]} {[%emt
00:01:40]} 26. g4 {[%clk 00:34:27]} {[%emt 00:01:03]} d4 {[%clk 00:36:45]}
{[%emt 00:00:45]} 27. gxf5 {[%clk 00:33:51]} {[%emt 00:01:07]} dxe3 {[%clk
00:36:51]} {[%emt 00:00:23]} 28. Qh5 {[%clk 00:32:20]} {[%emt 00:02:01]} h6
{[%clk 00:35:21]} {[%emt 00:02:00]} 29. Rg1 {[%clk 00:31:25]} {[%emt 00:01:25]}
Nd3 {[%clk 00:33:02]} {[%emt 00:02:49]} 30. Rxe3 {[%clk 00:31:05]} {[%emt
00:00:49]} Qb7+ {[%clk 00:31:44]} {[%emt 00:01:47]} 31. Rf3 {[%clk 00:30:21]}
{[%emt 00:01:15]} exf5 {[%clk 00:30:50]} {[%emt 00:01:25]} 0-1